<?xml version="1.0" encoding="UTF-8"?>
<record
    xmlns:xsi="http://www.w3.org/2001/XMLSchema-instance"
    xsi:schemaLocation="http://www.loc.gov/MARC21/slim http://www.loc.gov/standards/marcxml/schema/MARC21slim.xsd"
    xmlns="http://www.loc.gov/MARC21/slim">

  <leader>00356nam a22001217a 4500</leader>
  <datafield tag="040" ind1=" " ind2=" ">
    <subfield code="c">HS</subfield>
  </datafield>
  <datafield tag="082" ind1=" " ind2=" ">
    <subfield code="a">342</subfield>
  </datafield>
  <datafield tag="100" ind1=" " ind2=" ">
    <subfield code="a">DEP SINATH ;&#x178A;&#x17B7;&#x1794;&#x200B;&#x179F;&#x17CA;&#x17B8;&#x178E;&#x17B6;&#x178F;</subfield>
  </datafield>
  <datafield tag="245" ind1=" " ind2=" ">
    <subfield code="a">&#x1780;&#x17B6;&#x179A;&#x1796;&#x17B6;&#x179A;&#x179F;&#x1798;&#x17D2;&#x1794;&#x178F;&#x17D2;&#x178F;&#x17B7;&#x1792;&#x1798;&#x17D2;&#x1798;&#x1787;&#x17B6;&#x178F;&#x17B7; ; protection de la nature</subfield>
  </datafield>
  <datafield tag="260" ind1=" " ind2=" ">
    <subfield code="a">RUA</subfield>
    <subfield code="b">&#x178A;&#x17B7;&#x1794; &#x179F;&#x17CA;&#x17B8;&#x178E;&#x17B6;&#x178F;</subfield>
    <subfield code="c">1994</subfield>
  </datafield>
  <datafield tag="300" ind1=" " ind2=" ">
    <subfield code="a">44p;</subfield>
  </datafield>
  <datafield tag="942" ind1=" " ind2=" ">
    <subfield code="c">KB</subfield>
  </datafield>
  <datafield tag="999" ind1=" " ind2=" ">
    <subfield code="c">9575</subfield>
    <subfield code="d">9575</subfield>
  </datafield>
  <datafield tag="952" ind1=" " ind2=" ">
    <subfield code="0">0</subfield>
    <subfield code="1">0</subfield>
    <subfield code="4">0</subfield>
    <subfield code="6">342_000000000000000_&#x178A;&#x17B7;&#x1794;_1994_C199</subfield>
    <subfield code="7">0</subfield>
    <subfield code="9">51592</subfield>
    <subfield code="a">LBC</subfield>
    <subfield code="b">LBC</subfield>
    <subfield code="c">C199</subfield>
    <subfield code="d">2016-09-05</subfield>
    <subfield code="o">342 &#x178A;&#x17B7;&#x1794; 1994 C199</subfield>
    <subfield code="p">A01093</subfield>
    <subfield code="r">2016-09-05</subfield>
    <subfield code="y">KB</subfield>
  </datafield>
  <datafield tag="952" ind1=" " ind2=" ">
    <subfield code="0">0</subfield>
    <subfield code="1">0</subfield>
    <subfield code="4">0</subfield>
    <subfield code="6">342_000000000000000_&#x178A;&#x17B7;&#x1794;_1994_C199</subfield>
    <subfield code="7">0</subfield>
    <subfield code="9">51593</subfield>
    <subfield code="a">LBC</subfield>
    <subfield code="b">LBC</subfield>
    <subfield code="c">C199</subfield>
    <subfield code="d">2016-09-05</subfield>
    <subfield code="o">342 &#x178A;&#x17B7;&#x1794; 1994 C199</subfield>
    <subfield code="p">A00937</subfield>
    <subfield code="r">2016-09-05</subfield>
    <subfield code="y">KB</subfield>
  </datafield>
  <datafield tag="952" ind1=" " ind2=" ">
    <subfield code="0">0</subfield>
    <subfield code="1">0</subfield>
    <subfield code="4">0</subfield>
    <subfield code="6">342_000000000000000_&#x178A;&#x17B7;&#x1794;_1994_C199</subfield>
    <subfield code="7">0</subfield>
    <subfield code="9">51594</subfield>
    <subfield code="a">LBC</subfield>
    <subfield code="b">LBC</subfield>
    <subfield code="c">C199</subfield>
    <subfield code="d">2016-09-05</subfield>
    <subfield code="o">342 &#x178A;&#x17B7;&#x1794; 1994 C199</subfield>
    <subfield code="p">RUA01032</subfield>
    <subfield code="r">2016-09-05</subfield>
    <subfield code="y">KB</subfield>
  </datafield>
  <datafield tag="952" ind1=" " ind2=" ">
    <subfield code="0">0</subfield>
    <subfield code="1">0</subfield>
    <subfield code="4">0</subfield>
    <subfield code="6">342_000000000000000_&#x178A;&#x17B7;&#x1794;_1994_C199</subfield>
    <subfield code="7">0</subfield>
    <subfield code="9">51595</subfield>
    <subfield code="a">LBC</subfield>
    <subfield code="b">LBC</subfield>
    <subfield code="c">C199</subfield>
    <subfield code="d">2016-09-05</subfield>
    <subfield code="o">342 &#x178A;&#x17B7;&#x1794; 1994 C199</subfield>
    <subfield code="p">RUA01098</subfield>
    <subfield code="r">2016-09-05</subfield>
    <subfield code="y">KB</subfield>
  </datafield>
  <datafield tag="952" ind1=" " ind2=" ">
    <subfield code="0">0</subfield>
    <subfield code="1">0</subfield>
    <subfield code="4">0</subfield>
    <subfield code="6">342_000000000000000_&#x178A;&#x17B7;&#x1794;_1994_C199</subfield>
    <subfield code="7">0</subfield>
    <subfield code="9">51596</subfield>
    <subfield code="a">LBC</subfield>
    <subfield code="b">LBC</subfield>
    <subfield code="c">C199</subfield>
    <subfield code="d">2016-09-05</subfield>
    <subfield code="o">342 &#x178A;&#x17B7;&#x1794; 1994 C199</subfield>
    <subfield code="p">RUA046431</subfield>
    <subfield code="r">2016-09-05</subfield>
    <subfield code="y">KB</subfield>
  </datafield>
  <datafield tag="952" ind1=" " ind2=" ">
    <subfield code="0">0</subfield>
    <subfield code="1">0</subfield>
    <subfield code="4">0</subfield>
    <subfield code="6">342_000000000000000_&#x178A;&#x17B7;&#x1794;_1994_C197</subfield>
    <subfield code="7">0</subfield>
    <subfield code="9">52713</subfield>
    <subfield code="a">LBC</subfield>
    <subfield code="b">LBC</subfield>
    <subfield code="c">C197</subfield>
    <subfield code="d">2016-09-22</subfield>
    <subfield code="o">342 &#x178A;&#x17B7;&#x1794; 1994 C197</subfield>
    <subfield code="p">RUA047856</subfield>
    <subfield code="r">2016-09-22</subfield>
    <subfield code="y">KB</subfield>
  </datafield>
</record>
